Normal view
MARC view
Entry Topical Term
001 - CONTROL NUMBER
- control field: 9549
003 - CONTROL NUMBER IDENTIFIER
- control field: BD-RjUL
005 - DATE AND TIME OF LATEST TRANSACTION
- control field: 20231015143732.0
008 - FIXED-LENGTH DATA ELEMENTS
- fixed length control field: 231015|| aca||aabn | a|a d
040 ## - CATALOGING SOURCE
- Original cataloging agency: BD-RjUL
- Transcribing agency: BD-RjUL
150 ## - HEADING--TOPICAL TERM
- Topical term or geographic name entry element: Social services
- General subdivision: Female
670 ## - SOURCE DATA FOUND
- Source citation: Work cat.: (BD-RjUL)82113: Habib, Tanzina Zohra 9548, Struggles and social supports of the Female heads of houscholds in Bangladesh /, 2015